| 000 | 00565nam a2200181 a 4500 | ||
|---|---|---|---|
| 001 | 000013318 | ||
| 005 | 20200929163208.0 | ||
| 008 | 091123s1992 dr 000 0 spa d | ||
| 040 |
_aDO-SdBNP _bspa _cBNPHU |
||
| 082 |
_axxx _bP515d |
||
| 100 | 1 |
_aPeynado, Jacinto B. _d1941- 2004 _930514 |
|
| 245 | 1 | 0 |
_aDiscursos / _cJancinto B. Peynado. |
| 260 |
_aSanto Domingo : _bAlfa y Omega, _c1992. |
||
| 300 |
_av. ; _c24 cm. |
||
| 500 | _aLa bibliteca posee el v. 1 | ||
| 500 | _aIncluye datos biográficos del autor en la contraportada | ||
| 590 | _aInventariado, 2019/VM | ||
| 999 |
_c12948 _d12948 |
||